005690000a22002290004500440004000000500002900040650002700069650001500096650001500111082001700126518001100143530000600154100002100160245004300181250001300224020001800237260004400255260000900299041000800308300001300316365001000329 atexts in statistical science series aBibliography: p. 450-451 aTechnological research aStatistics aPopulation a607.2bC311s a970805 aM aCaulcutt, Ronald aStatistics in research and development a2nd edn. a0-412-35890-5 aLondonbChapman and Hall, Great Britain c1991 aEng axi,471p. a49.00